| 000 | 00877cam a22002655a 4500 | ||
|---|---|---|---|
| 001 | 17467999 | ||
| 005 | 20201128021308.0 | ||
| 008 | 120919t2013 enka frb 001 0 eng d | ||
| 020 | _a9781848441705 (hardback) | ||
| 040 |
_aDLC _cDLC _beng _dEG-ScBUE |
||
| 082 | 0 | 4 |
_bSMI _222 _a338.04082 |
| 100 | 1 |
_aSmith-Hunter, Andrea E. _938183 |
|
| 245 | 1 | 0 |
_aWomen entrepreneurs in the global marketplace / _cAndrea E. Smith-Hunter. |
| 260 |
_aCheltenham ; _aNorthampton : _bEdward Elgar, _cc.2013. |
||
| 300 |
_avii, 408 p. : _bill. ; _c24 cm. |
||
| 500 | _aIndex : p. 383-408. | ||
| 504 | _aBibliography : p. 342-381. | ||
| 650 | 7 |
_aWomen-owned business enterprises. _935707 _2BUEsh |
|
| 650 | 0 |
_aBusinesswomen. _2BUEsh |
|
| 650 | 7 |
_aEntrepreneurship. _2BUEsh _9240 |
|
| 651 | _2BUEsh | ||
| 653 |
_bBUSADM _cJune2015 |
||
| 655 |
_vreading book _934232 |
||
| 942 |
_2ddc _k338.04082 SMI |
||
| 999 |
_c19603 _d19575 |
||